| 000 | 00823nam a2200277Ia 4500 | ||
|---|---|---|---|
| 001 | Para_6153 | ||
| 003 | CHAP | ||
| 008 | 220125s1982 xx 000 0 und d | ||
| 010 | _a204933 | ||
| 040 | _cCHAP | ||
| 090 | _aPA FOLLETO 281 | ||
| 100 |
_aGutiérrez C., Juan Manuel _951635 |
||
| 245 |
_aGuía para cultivar avena forrajera en el Valle de México / _c por Juan Manuel Gutiérrez C. |
||
| 260 |
_aMéxico : _b INIA.CIAMC |
||
| 300 | _a9 p. | ||
| 440 |
_aFolleto para productores;16 _942062 |
||
| 650 |
_aAvena como forraje _98556 |
||
| 710 |
_aInstituto Nacional de Investigaciones Agrícolas. CIAMC _9170875 |
||
| 901 | _aPA FOLLETO 281 | ||
| 902 | _aA | ||
| 905 | _a0000001982 a 0000000000 00 | ||
| 910 | _a1982 | ||
| 942 | _cPARA | ||
| 942 |
_cPARA _d1 |
||
| 999 |
_c204933 _d204933 |
||